[Event "Ct. Catalunya Veterans"]
[Site "Santa Susanna"]
[Date "2013.05.11"]
[Round "8"]
[White "Garcia Riera, J."]
[Black "Lazaro Porta, A."]
[Result "0-1"]
[WhiteElo "2054"]
[BlackElo "1896"]
[PlyCount "56"]
[EventDate "2013.??.??"]
[EventType "swiss"]
[EventRounds "9"]

1. d4 Nf6 2. c4 e6 3. Nf3 b6 4. Nc3 Bb7 5. Bg5 Bb4 6. e3 h6 7. Bh4 g5 8. Bg3
Ne4 9. Qc2 Bxc3+ 10. bxc3 Nxg3 11. hxg3 d6 12. Bd3 Qf6 13. O-O-O Nd7 14. e4
O-O-O 15. Rd2 e5 16. Qa4 Kb8 17. c5 dxc5 18. d5 c4 19. Qxc4 Nc5 20. Qb4 Qd6 21.
Re1 f6 22. a4 a5 23. Qb2 Nxa4 24. Qa1 Nc5 25. Bc2 Ba6 26. Kd1 Bc4 27. Re3 Kb7
28. Ba4 Bb3+ 0-1

[Event "Ct. Catalunya Veterans"]
[Site "Santa Susanna"]
[Date "2013.05.11"]
[Round "8"]
[White "Marchador Villalba, J."]
[Black "Franquet Escriva, J."]
[Result "1/2-1/2"]
[WhiteElo "2065"]
[BlackElo "2094"]
[PlyCount "49"]
[EventDate "2013.??.??"]
[EventType "swiss"]
[EventRounds "9"]

1. d4 Nf6 2. Bg5 e6 3. e4 Be7 4. Nd2 d5 5. e5 Nfd7 6. Bxe7 Qxe7 7. Ngf3 c5 8.
c3 Nc6 9. a3 O-O 10. Bd3 f6 11. Qe2 fxe5 12. dxe5 c4 13. Bc2 Nc5 14. O-O Bd7
15. Qe3 Be8 16. Nd4 Nxd4 17. cxd4 Na4 18. Rab1 Rc8 19. f4 Nxb2 20. Rxb2 c3 21.
Rbb1 cxd2 22. Qxd2 Rxc2 23. Qxc2 Bg6 24. Qd2 Bxb1 25. Rxb1 1/2-1/2

[Event "Ct. Catalunya Veterans"]
[Site "Santa Susanna"]
[Date "2013.05.11"]
[Round "8"]
[White "Monedero Gonzalez, J."]
[Black "Bollero Romera, A."]
[Result "1-0"]
[WhiteElo "2070"]
[BlackElo "2014"]
[PlyCount "31"]
[EventDate "2013.??.??"]
[EventType "swiss"]
[EventRounds "9"]

1. d4 Nf6 2. Nf3 e6 3. Nc3 d5 4. Bf4 c6 5. e3 Bd6 6. Ne5 Qc7 7. Bg3 Nbd7 8. f4
Bb4 9. Bd3 Qa5 10. O-O Bxc3 11. bxc3 Qxc3 12. Be1 Qa3 13. Rb1 c5 14. Rb3 Qxa2
15. Qc1 c4 16. Ra3 1-0

[Event "Ct. Catalunya Veterans"]
[Site "Santa Susanna"]
[Date "2013.05.11"]
[Round "8"]
[White "Sanz Bastos, F."]
[Black "Lluverol Torrents, S."]
[Result "1/2-1/2"]
[WhiteElo "1965"]
[BlackElo "2070"]
[PlyCount "35"]
[EventDate "2013.??.??"]
[EventType "swiss"]
[EventRounds "9"]

1. e4 e5 2. Nc3 Nc6 3. g3 g6 4. Bg2 Bg7 5. d3 d6 6. Be3 Rb8 7. Qd2 b5 8. Nge2
b4 9. Nd1 Nd4 10. O-O h5 11. c3 Nxe2+ 12. Qxe2 bxc3 13. bxc3 Bd7 14. f4 Nh6 15.
h3 Qc8 16. Kh2 Qb7 17. Rc1 a5 18. d4 1/2-1/2

[Event "Ct. Catalunya Veterans"]
[Site "Santa Susanna"]
[Date "2013.05.11"]
[Round "8"]
[White "Tejero Royo, F."]
[Black "Buxade Roca, G."]
[Result "1/2-1/2"]
[WhiteElo "2088"]
[BlackElo "2084"]
[PlyCount "30"]
[EventDate "2013.??.??"]
[EventType "swiss"]
[EventRounds "9"]

1. Nf3 c5 2. c4 Nc6 3. Nc3 g6 4. g3 Bg7 5. Bg2 d6 6. O-O e5 7. d3 Nge7 8. e4
O-O 9. Nh4 Rb8 10. Be3 a6 11. Qd2 Nd4 12. f4 exf4 13. Bxf4 Be6 14. Rac1 Ndc6
15. Nf3 b5 1/2-1/2

[Event "Ct. Catalunya Veterans"]
[Site "Santa Susanna"]
[Date "2013.05.12"]
[Round "9"]
[White "Buxade Roca, G."]
[Black "Simon Padros, E."]
[Result "1/2-1/2"]
[WhiteElo "2084"]
[BlackElo "2221"]
[PlyCount "22"]
[EventDate "2013.??.??"]
[EventType "swiss"]
[EventRounds "9"]

1. c4 e5 2. Nc3 d6 3. g3 f5 4. d3 Nf6 5. Bg2 g6 6. Bg5 Bg7 7. Nd5 O-O 8. e3 c6
9. Nxf6+ Bxf6 10. Bxf6 Qxf6 11. Ne2 Be6 1/2-1/2

[Event "Ct. Catalunya Veterans"]
[Site "Santa Susanna"]
[Date "2013.05.12"]
[Round "9"]
[White "Coll Sola, J."]
[Black "Santolaria Peña, M."]
[Result "1-0"]
[WhiteElo "2062"]
[BlackElo "1903"]
[PlyCount "48"]
[EventDate "2013.??.??"]
[EventType "swiss"]
[EventRounds "9"]

1. e4 c5 2. Nf3 Nc6 3. d4 cxd4 4. Nxd4 a6 5. Nc3 Nf6 6. Be3 g6 7. Nxc6 bxc6 8.
e5 Ng8 9. Bd4 e6 10. Ne4 Qc7 11. Nd6+ Ke7 12. Qf3 f5 13. exf6+ Kd8 14. Nf7+ Ke8
15. Nxh8 Qa5+ 16. Bc3 Qxc3+ 17. Qxc3 Nh6 18. f7+ Kd8 19. Qf6+ Kc7 20. Bd3 Bb7
21. O-O-O c5 22. Bxg6 hxg6 23. Nxg6 Ng4 24. Qf4+ Bd6 1-0

[Event "Ct. Catalunya Veterans"]
[Site "Santa Susanna"]
[Date "2013.05.12"]
[Round "9"]
[White "Franquet Escriva, J."]
[Black "Fernandez Perez, J."]
[Result "1/2-1/2"]
[WhiteElo "2094"]
[BlackElo "2072"]
[PlyCount "21"]
[EventDate "2013.??.??"]
[EventType "swiss"]
[EventRounds "9"]

1. e4 e6 2. d4 d5 3. Bd3 dxe4 4. Bxe4 Nf6 5. Bf3 c5 6. Ne2 Nc6 7. c3 cxd4 8.
cxd4 Bb4+ 9. Bd2 Bxd2+ 10. Qxd2 O-O 11. O-O 1/2-1/2

[Event "Ct. Catalunya Veterans"]
[Site "Santa Susanna"]
[Date "2013.05.12"]
[Round "9"]
[White "Grau Brumos, I."]
[Black "Sanz Bastos, F."]
[Result "1-0"]
[WhiteElo "2123"]
[BlackElo "1965"]
[PlyCount "53"]
[EventDate "2013.??.??"]
[EventType "swiss"]
[EventRounds "9"]

1. d4 Nf6 2. c4 e6 3. Nf3 b6 4. g3 Bb7 5. Bg2 Bb4+ 6. Bd2 Qe7 7. O-O Bxd2 8.
Nbxd2 c5 9. dxc5 Qxc5 10. Qc2 Nc6 11. a3 a5 12. Rfe1 O-O 13. Rac1 a4 14. e4 Ng4
15. Re2 Qh5 16. h3 Nge5 17. Qc3 Ra5 18. Qe3 Nxf3+ 19. Nxf3 Rc5 20. Nd2 Nd4 21.
Qxd4 Qxe2 22. Bf3 e5 23. Qc3 Qxf3 24. Qxf3 f5 25. Qd3 Bc6 26. f3 f4 27. b4 1-0

[Event "Ct. Catalunya Veterans"]
[Site "Santa Susanna"]
[Date "2013.05.12"]
[Round "9"]
[White "Lazaro Porta, A."]
[Black "Mas Recorda, P."]
[Result "1/2-1/2"]
[WhiteElo "1896"]
[BlackElo "2046"]
[PlyCount "35"]
[EventDate "2013.??.??"]
[EventType "swiss"]
[EventRounds "9"]

1. d4 e6 2. Nc3 d5 3. Bf4 Bd6 4. Qd2 Nf6 5. Bg5 Nbd7 6. e4 dxe4 7. Nxe4 Be7 8.
Ng3 O-O 9. Bd3 c5 10. N1e2 cxd4 11. Nxd4 Nc5 12. O-O-O Nxd3+ 13. Qxd3 Qa5 14.
Bxf6 Bxf6 15. Kb1 Qb6 16. Ne4 Be7 17. Qb5 Qc7 18. Nf3 1/2-1/2

[Event "Ct. Catalunya Veterans"]
[Site "Santa Susanna"]
[Date "2013.05.12"]
[Round "9"]
[White "Lluverol Torrents, S."]
[Black "Marchador Villalba, J."]
[Result "1/2-1/2"]
[WhiteElo "2070"]
[BlackElo "2065"]
[PlyCount "113"]
[EventDate "2013.??.??"]
[EventType "swiss"]
[EventRounds "9"]

1. d4 Nf6 2. c4 e6 3. Nc3 c5 4. d5 exd5 5. cxd5 d6 6. e4 g6 7. Be2 Bg7 8. Nf3
O-O 9. Nd2 Re8 10. O-O a6 11. a4 Nbd7 12. Qc2 Ne5 13. Nc4 Nxc4 14. Bxc4 Ng4 15.
Be2 Qh4 16. Bxg4 Bxg4 17. Bf4 Rad8 18. Bg3 Qe7 19. f3 Bd7 20. Rfe1 h5 21. a5 h4
22. Bf2 Qg5 23. Qc1 Qh5 24. Ne2 g5 25. g4 hxg3 26. Nxg3 Qxf3 27. Qxg5 f6 28.
Qh4 Re5 29. Re3 Qg4 30. Qxg4 Bxg4 31. Rb3 Bc8 32. Rb6 Kf7 33. b4 cxb4 34. Rxb4
Rg5 35. Rc4 f5 36. Rac1 Bd7 37. exf5 Bxf5 38. Rf4 Kg6 39. h4 Be5 40. Rxf5 Rxf5
41. Nxf5 Kxf5 42. Rc7 Rg8+ 43. Kf1 Rg7 44. Rxg7 Bxg7 45. Bg3 Bf8 46. Ke2 Ke4
47. h5 Kxd5 48. Bf4 Ke4 49. Bd2 Bg7 50. h6 Bh8 51. h7 d5 52. Bh6 d4 53. Bd2 d3+
54. Kd1 Kd4 55. Be1 Kc4 56. Kd2 Bc3+ 57. Kd1 1/2-1/2

[Event "Ct. Catalunya Veterans"]
[Site "Santa Susanna"]
[Date "2013.05.12"]
[Round "9"]
[White "Navarro Alvarez, A."]
[Black "Anguera Maestro, J."]
[Result "0-1"]
[WhiteElo "1973"]
[BlackElo "2185"]
[PlyCount "66"]
[EventDate "2013.??.??"]
[EventType "swiss"]
[EventRounds "9"]

1. g3 d5 2. Bg2 e5 3. d3 c6 4. c3 Nf6 5. Nd2 Bc5 6. b4 Bb6 7. Ngf3 e4 8. Nd4
exd3 9. O-O Bg4 10. f3 dxe2 11. Qxe2+ Be6 12. Kh1 Bxd4 13. cxd4 O-O 14. g4 h6
15. h3 Re8 16. Qf2 Nh7 17. f4 f5 18. Qg3 Nd7 19. Nf3 Nhf6 20. Ne5 Ne4 21. Bxe4
dxe4 22. Be3 Qe7 23. Rg1 Nxe5 24. dxe5 b6 25. Rac1 Rac8 26. a4 Red8 27. a5 Rd3
28. axb6 axb6 29. g5 hxg5 30. fxg5 f4 31. Qxf4 Rf8 32. Qg3 Rf3 33. Ra1 Rxg3 0-1

[Event "Ct. Catalunya Veterans"]
[Site "Santa Susanna"]
[Date "2013.05.12"]
[Round "9"]
[White "Nicolau Serrato, M."]
[Black "Bonell Mitjans, A."]
[Result "1/2-1/2"]
[WhiteElo "1941"]
[BlackElo "2096"]
[PlyCount "104"]
[EventDate "2013.??.??"]
[EventType "swiss"]
[EventRounds "9"]

1. d4 d5 2. c4 e6 3. e3 c6 4. Nf3 f5 5. Nc3 Nf6 6. Be2 Be7 7. O-O O-O 8. Ne5
Nbd7 9. f4 dxc4 10. Bxc4 Nb6 11. Bb3 Nbd5 12. Bd2 Bd7 13. Qe2 b5 14. a3 a6 15.
Rac1 Rc8 16. Ba2 c5 17. Nxd5 exd5 18. dxc5 Bxc5 19. Bc3 Be6 20. Bd4 Qb6 21. Nf3
Bf7 22. Qd3 g6 23. Rfe1 Rfd8 24. b4 Bxd4 25. Nxd4 Ne4 26. Rc2 Nd6 27. Rec1 Nc4
28. Kh1 Qf6 29. h3 Kg7 30. Nf3 h6 31. Ne5 Be6 32. Qd4 Ra8 33. Kh2 a5 34. bxa5
Rxa5 35. Nc6 Rda8 36. Nxa5 Rxa5 37. Bxc4 dxc4 38. Rc3 Qxd4 39. exd4 Bd5 40. Re1
Be4 41. g4 Kf6 42. Kg3 Ke6 43. Re2 Kd5 44. Rd2 Bd3 45. Rcxd3 cxd3 46. Rxd3 Kc4
47. Rf3 Kxd4 48. gxf5 gxf5 49. Rb3 Kc4 50. Rb4+ Kd5 51. Rb3 Kc4 52. Re3 Ra4
1/2-1/2

[Event "Ct. Catalunya eq DH"]
[Site "?"]
[Date "2013.01.19"]
[Round "1.1"]
[White "De la Riva Aguado, O."]
[Black "Beltran Rueda, S."]
[Result "1-0"]
[WhiteElo "2542"]
[BlackElo "2479"]
[PlyCount "53"]
[EventDate "2013.??.??"]
[EventType "tourn"]
[EventRounds "11"]

1. e4 c5 2. Nf3 Nc6 3. Bb5 g6 4. Bxc6 dxc6 5. d3 Bg7 6. Nc3 Nf6 7. h3 Nd7 8.
Be3 e5 9. Qd2 Qe7 10. O-O Nf8 11. Bh6 Bxh6 12. Qxh6 f6 13. Nh2 Ne6 14. Ne2 Bd7
15. f4 exf4 16. Nxf4 O-O-O 17. Nxe6 Bxe6 18. b3 f5 19. exf5 Bxf5 20. Rae1 Qd6
21. Nf3 Qf8 $6 $16 (21... Rdf8) 22. Qh4 h5 23. Re7 Re8 24. Rfe1 Rxe7 25. Rxe7
Kb8 $2 26. Ne5 Rg8 $4 27. Nxc6+ 1-0

[Event "Ct. Catalunya eq DH"]
[Site "?"]
[Date "2013.01.19"]
[Round "1.1"]
[White "Narciso Dublan, M."]
[Black "Movsziszian, K."]
[Result "1-0"]
[WhiteElo "2569"]
[BlackElo "2517"]
[PlyCount "85"]
[EventDate "2013.??.??"]
[EventType "tourn"]
[EventRounds "11"]

1. d4 d6 2. Nf3 g6 3. c4 Bg7 4. Nc3 Nf6 5. e4 O-O 6. Be2 Nbd7 7. Be3 e5 8. d5
Ng4 9. Bd2 a5 10. O-O f5 11. exf5 gxf5 12. Ng5 Nc5 13. Bxg4 fxg4 14. f3 gxf3
15. Rxf3 Bf5 16. Qe2 Qe7 17. Raf1 Bg6 18. Rxf8+ Rxf8 19. Rxf8+ Qxf8 20. Be3 Qf5
21. Qf3 Bf6 22. Qxf5 Bxf5 23. Nb5 Na6 24. b3 h6 25. Nf3 Kg7 26. Kf2 Bd3 27. Nd2
Kg6 28. Kf3 h5 29. Ne4 Be7 30. Bd2 a4 31. Ba5 b6 32. Be1 axb3 33. axb3 Nc5 34.
Nxc5 bxc5 35. Ba5 e4+ 36. Kf2 Bg5 37. Ke1 Bf4 38. g3 Be3 39. Bxc7 Bg1 40. Bxd6
e3 41. Nc3 Bxh2 42. Ne2 Kf5 43. g4+ 1-0

[Event "Ct. Catalunya eq DH"]
[Site "?"]
[Date "2013.01.19"]
[Round "1.2"]
[White "Cuadras Avellana, J."]
[Black "Aloma Vidal, R."]
[Result "1/2-1/2"]
[WhiteElo "2388"]
[BlackElo "2475"]
[PlyCount "113"]
[EventDate "2013.??.??"]
[EventType "tourn"]
[EventRounds "11"]

1. e4 d5 2. exd5 Qxd5 3. Nc3 Qa5 4. d4 Nf6 5. Nf3 Bf5 6. Bd2 e6 7. Bc4 Bb4 8.
Qe2 Nbd7 9. a3 c6 10. O-O-O Nb6 11. Bb3 Bxc3 12. Bxc3 Qb5 13. Qxb5 cxb5 14. Ne5
Rc8 15. f3 Nfd5 16. Bd2 f6 17. Ng4 Nc4 18. Rhe1 Bxg4 19. fxg4 Kd7 20. Re2 g5
21. Rde1 Rc6 22. h4 h6 23. Rh1 Rcc8 24. g3 Rcg8 25. Reh2 gxh4 26. Rxh4 Rg6 27.
c3 Rhg8 28. Be1 Rxg4 29. Rxh6 R4g7 30. Bc2 Nce3 31. Bd3 a6 32. Rh7 f5 33. b3
Nf6 34. Rxg7+ Rxg7 35. Kd2 Ned5 36. c4 bxc4 37. bxc4 Nb6 38. Ke3 Nc8 39. d5 Nd6
40. dxe6+ Kxe6 41. Kf3 Ng4 42. Kf4 Ne5 43. Rh6+ Rg6 44. Rxg6+ Nxg6+ 45. Ke3 Ne5
46. Bb4 Ndxc4+ 47. Bxc4+ Nxc4+ 48. Kd4 Ne5 49. Bc3 b6 50. a4 a5 51. Bb2 Nf7 52.
Bc1 Ne5 53. Bf4 Nc6+ 54. Kc4 Nb4 55. Kb5 Nd5 56. Kc6 Nc3 57. Kxb6 1/2-1/2

[Event "Ct. Catalunya eq DH"]
[Site "?"]
[Date "2013.01.19"]
[Round "1.2"]
[White "Dominguez Pons, E."]
[Black "Alonso Moyano, J."]
[Result "0-1"]
[WhiteElo "2371"]
[BlackElo "2480"]
[PlyCount "112"]
[EventDate "2013.??.??"]
[EventType "tourn"]
[EventRounds "11"]

1. e4 c5 2. Nf3 d6 3. d4 Nf6 4. Nc3 cxd4 5. Nxd4 a6 6. Be2 e5 7. Nb3 Be6 8. O-O
Be7 9. Kh1 O-O 10. f4 exf4 11. Bxf4 Nc6 12. Nd4 Ne5 13. Nxe6 fxe6 14. Bxe5 dxe5
15. Qxd8 Raxd8 16. Bc4 Rd6 17. Rf3 Rc8 18. Bd3 Rb6 19. Nd1 Nd7 20. Rb1 Nc5 21.
Nc3 Bg5 22. b4 Nxd3 23. Rxd3 Bd2 24. Rxd2 Rxc3 25. Rf1 h5 26. h3 Rxb4 27. Rd8+
Kh7 28. Rd7 Rxe4 29. Rxb7 Re2 30. Rb3 Rexc2 31. Re1 Rc5 32. Rb6 Rxa2 33. Rxe6
Rcc2 34. R6xe5 Kh6 35. Re6+ g6 36. Rg1 a5 37. Kh2 h4 38. Re4 Kh5 39. Rg4 Rc5
40. Rd1 Rg5 41. Rxg5+ Kxg5 42. Rd5+ Kh6 43. Rd4 g5 44. Rd6+ Kg7 45. Kg1 a4 46.
Ra6 a3 47. Kf1 Ra1+ 48. Kf2 a2 49. Ra7+ Kf6 50. Ra6+ Ke7 51. Ra7+ Kd6 52. Ra6+
Kc7 53. Ra7+ Kb6 54. Ra4 g4 55. hxg4 Kc7 56. g5 Kd7 $138 0-1

[Event "Ct. Catalunya eq DH"]
[Site "?"]
[Date "2013.01.19"]
[Round "1.2"]
[White "Fernandez Aguado, E."]
[Black "Norwood, D."]
[Result "0-1"]
[WhiteElo "2419"]
[BlackElo "2511"]
[PlyCount "48"]
[EventDate "2013.??.??"]
[EventType "tourn"]
[EventRounds "11"]

1. d4 g6 2. e4 Bg7 3. c3 d6 4. Bg5 Nf6 5. Nd2 O-O 6. f4 c5 7. d5 Na6 8. Ngf3 b5
9. Be2 (9. Bxb5) 9... Qb6 10. a4 b4 11. Nc4 Qc7 12. Qd3 bxc3 13. bxc3 Nh5 14.
g3 h6 15. Bh4 Qd7 16. O-O (16. e5 $16) 16... Nc7 17. Nfd2 Nf6 18. Bf3 Ba6 19.
Rfe1 Rab8 20. e5 $2 dxe5 21. fxe5 $4 (21. Bxf6 $15) 21... Nfxd5 $19 22. e6 Nxe6
$2 (22... fxe6) 23. Rxe6 $4 (23. Qxd5 Qxd5 24. Bxd5 $17) 23... Qxe6 24. g4 Nf4
0-1

[Event "Ct. Catalunya eq DH"]
[Site "?"]
[Date "2013.01.19"]
[Round "1.2"]
[White "Fluvia Poyatos, Jordi"]
[Black "Fier, A."]
[Result "1/2-1/2"]
[WhiteElo "2500"]
[BlackElo "2602"]
[PlyCount "71"]
[EventDate "2013.??.??"]
[EventType "tourn"]
[EventRounds "11"]

1. Nf3 Nf6 2. g3 g6 3. Bg2 Bg7 4. O-O O-O 5. d4 d6 6. a4 a5 7. Re1 d5 8. Nbd2
c5 9. dxc5 Qc7 10. Nb3 e5 11. Bg5 Be6 12. Qc1 Nbd7 13. Bh6 d4 14. Bxg7 Kxg7 15.
e3 Bxb3 16. cxb3 d3 17. Nd2 Nxc5 18. Qc3 Qe7 19. b4 axb4 20. Qxb4 Rfc8 21. e4
Qd7 22. a5 Ne6 23. Bh3 Rc2 24. Nf3 Rd8 25. Red1 Qc6 26. Nxe5 Qc5 27. Qxc5 Nxc5
28. Bf1 d2 29. f3 Rxb2 30. Nc4 Rc2 31. Kf2 Rd4 32. Na3 Rb2 33. Nc4 Rc2 34. Na3
Rb2 35. Nc4 Rc2 36. Na3 1/2-1/2

[Event "Ct. Catalunya eq DH"]
[Site "?"]
[Date "2013.01.19"]
[Round "1.2"]
[White "Moskalenko, V."]
[Black "Baron Isanta, JM."]
[Result "1-0"]
[WhiteElo "2568"]
[BlackElo "2414"]
[PlyCount "47"]
[EventDate "2013.??.??"]
[EventType "tourn"]
[EventRounds "11"]

1. d4 Nf6 2. c4 g6 3. Nc3 Bg7 4. g3 d5 5. cxd5 Nxd5 6. Bg2 Nb6 7. e3 c6 8. Nge2
e5 9. d5 cxd5 10. Nxd5 Nxd5 11. Qxd5 O-O 12. Nc3 Nc6 13. O-O Qb6 14. Qc4 Be6
15. Bd5 Rfe8 16. Bxe6 Rxe6 17. Rd1 Ne7 18. e4 Rc8 19. Qa4 Rf6 20. Qc2 Rd6 21.
Be3 Rxd1+ 22. Rxd1 Qc6 23. Bxa7 b6 24. Qb3 1-0

[Event "Ct. Catalunya eq DH"]
[Site "?"]
[Date "2013.01.19"]
[Round "1.3"]
[White "Gallego Martinez, R."]
[Black "Ayas Fernandez, A."]
[Result "1-0"]
[WhiteElo "2292"]
[BlackElo "2356"]
[PlyCount "63"]
[EventDate "2013.??.??"]
[EventType "tourn"]
[EventRounds "11"]

1. e4 c5 2. Nf3 Nc6 3. d4 cxd4 4. Nxd4 e5 5. Nb5 d6 6. c4 Be6 7. N1c3 a6 8. Na3
Be7 9. Bd3 Bg5 10. O-O Bxc1 11. Rxc1 Nf6 12. Nc2 O-O 13. b4 Rc8 14. a3 Ne7 15.
Ne3 Ng6 16. Qd2 Nf4 17. Rfd1 Ng4 18. Ncd5 Qh4 19. Nxg4 Bxd5 20. Ne3 Be6 (20...
Nxd3 $11) 21. Bf1 $14 Rfd8 22. g3 Qg5 $2 $18 (22... Nh3+ 23. Bxh3 Qxh3 24. c5
Bb3 $14) 23. h4 Qg6 24. c5 Bb3 25. Nf5 Kf8 26. cxd6 Bxd1 27. Rxc8 $2 (27. Ne7
Qh6 28. Rxd1 $18 Ne6 29. Qxh6 gxh6 30. Nxc8 Rxc8 31. Bh3 Rd8 32. Rd5 Nd4 33. f4
) 27... Rxc8 28. Ne7 $2 $11 (28. d7 Rd8 29. Qxd1 Qc6 30. gxf4 $16) 28... Qxe4
$4 (28... Qh6 $1 29. gxf4 Rd8 30. Nf5 Qg6+ $11) 29. Nxc8 Ke8 30. d7+ Kd8 31.
Qxd1 Ne6 32. Qd6 1-0

[Event "Ct. Catalunya eq DH"]
[Site "?"]
[Date "2013.01.19"]
[Round "1.3"]
[White "Hernando Rodrigo, J."]
[Black "Cruz Sanchez, C."]
[Result "0-1"]
[WhiteElo "2380"]
[BlackElo "2505"]
[PlyCount "70"]
[EventDate "2013.??.??"]
[EventType "tourn"]
[EventRounds "11"]

1. d4 e6 2. c4 Nf6 3. Nc3 Bb4 4. e3 Bxc3+ 5. bxc3 c5 6. Bd3 Nc6 7. Ne2 d6 8.
O-O e5 9. Ng3 O-O 10. f4 exd4 11. cxd4 cxd4 12. e4 Re8 13. Rb1 b6 14. h3 Nd7
15. Bb2 Nc5 16. Bc2 Be6 17. Bxd4 f6 18. Bc3 Qd7 19. Qh5 Qf7 20. Qh4 Bxc4 21.
Rf3 Ne7 22. f5 Nd7 23. Nh5 Be2 24. Bb3 d5 25. Kf2 Bxf3 26. gxf3 Rac8 27. Bb4
Ne5 28. Bxe7 Qxe7 29. Bxd5+ Kf8 30. Nf4 Qc5+ 31. Kg3 Qe3 32. Rf1 h6 33. Ne6+
Rxe6 34. fxe6 Rc2 35. Qh5 Qe2 0-1

[Event "Ct. Catalunya eq DH"]
[Site "?"]
[Date "2013.01.19"]
[Round "1.3"]
[White "Willemze, T."]
[Black "Obon Temprano, S."]
[Result "1-0"]
[WhiteElo "2396"]
[BlackElo "2362"]
[PlyCount "83"]
[EventDate "2013.??.??"]
[EventType "tourn"]
[EventRounds "11"]

1. e4 e5 2. Nf3 Nc6 3. Nc3 Nf6 4. Bb5 Bd6 5. a3 O-O 6. d3 a6 7. Bc4 b5 8. Ba2
Bb7 9. h3 Nd4 10. Nxd4 exd4 11. Ne2 c5 12. O-O Kh8 13. Bg5 Be7 14. Nf4 Ng8 15.
Bxe7 Qxe7 16. Re1 Qg5 17. Qg4 Qxg4 18. hxg4 Ne7 19. f3 Ng6 20. Nxg6+ fxg6 21.
Kf2 g5 22. e5 Rae8 23. e6 dxe6 24. Re5 Bd5 25. Bxd5 exd5 26. Rxd5 h6 27. Rxc5
Rc8 28. Rxc8 Rxc8 29. Rc1 a5 30. Ke2 b4 31. axb4 axb4 32. Kd2 Ra8 33. b3 Kg8
34. Re1 Kf7 35. Re4 Ra1 36. Rxd4 Rg1 37. Rxb4 Rxg2+ 38. Kc3 g6 39. Rb7+ Ke6 40.
Rh7 Rh2 41. b4 Kd6 42. Rg7 1-0

[Event "Ct. Catalunya eq DH"]
[Site "?"]
[Date "2013.01.19"]
[Round "1.4"]
[White "Escobar Torres, A."]
[Black "Jose Queralto, D."]
[Result "1/2-1/2"]
[WhiteElo "2230"]
[BlackElo "2287"]
[PlyCount "21"]
[EventDate "2013.??.??"]
[EventType "tourn"]
[EventRounds "11"]

1. d4 d5 2. c4 dxc4 3. e3 e6 4. Bxc4 Nf6 5. Nc3 c5 6. Nf3 Nc6 7. O-O cxd4 8.
exd4 Be7 9. d5 exd5 10. Nxd5 Nxd5 11. Qxd5 1/2-1/2

[Event "Ct. Catalunya eq DH"]
[Site "?"]
[Date "2013.01.19"]
[Round "1.4"]
[White "Granados Gomez, M."]
[Black "Rodriguez Cespedes, A."]
[Result "1/2-1/2"]
[WhiteElo "2430"]
[BlackElo "2472"]
[PlyCount "46"]
[EventDate "2013.??.??"]
[EventType "tourn"]
[EventRounds "11"]

1. c4 Nf6 2. Nc3 e5 3. Nf3 Nc6 4. e3 Bb4 5. Nd5 e4 6. Nxb4 Nxb4 7. Nd4 c5 8.
Nb5 d5 9. a3 Nd3+ 10. Bxd3 exd3 11. cxd5 O-O 12. O-O Nxd5 13. b4 a6 14. Nc3
Nxc3 15. dxc3 c4 16. a4 Qd5 17. a5 Bd7 18. Bd2 Bc6 19. f3 f5 20. Qe1 Rae8 21.
Qh4 Re6 22. Qf4 Qb5 23. Qd4 Qd5 1/2-1/2

[Event "Ct. Catalunya eq DH"]
[Site "?"]
[Date "2013.01.19"]
[Round "1.4"]
[White "Libiszewski, F."]
[Black "Escandell Mari, JC."]
[Result "1-0"]
[WhiteElo "2495"]
[BlackElo "2366"]
[PlyCount "85"]
[EventDate "2013.??.??"]
[EventType "tourn"]
[EventRounds "11"]

1. c4 Nf6 2. g3 e5 3. Bg2 Nc6 4. Nc3 Bb4 5. e4 d6 6. Nge2 O-O 7. d3 Bc5 8. O-O
a6 9. a3 Bd7 10. h3 Rb8 11. b4 Ba7 12. Be3 Nd4 13. f4 Nxe2+ 14. Qxe2 Bd4 15.
Rac1 Nh5 16. Bxd4 Nxg3 17. Qf2 exd4 18. Qxg3 dxc3 19. d4 f6 20. Rxc3 b6 21. e5
fxe5 22. fxe5 Qe7 23. Bd5+ Kh8 24. Rcf3 Rxf3 25. Rxf3 Rf8 26. Rxf8+ Qxf8 27. e6
Be8 28. Qe3 Qe7 29. Bf3 Kg8 30. d5 Qf6 31. Kh2 Kf8 32. c5 bxc5 33. bxc5 Ke7 34.
Bg2 Bg6 35. a4 Qb2 36. Qg5+ Qf6 37. Qg3 Qd4 38. cxd6+ cxd6 39. a5 Qc5 40. Qh4+
Ke8 41. Qa4+ Kf8 42. Qd7 Be8 43. e7+ 1-0

[Event "Ct. Catalunya eq DH"]
[Site "?"]
[Date "2013.01.19"]
[Round "1.4"]
[White "Vives Esmerat, J."]
[Black "Vehi Bach, VM."]
[Result "1-0"]
[WhiteElo "2367"]
[BlackElo "2370"]
[PlyCount "77"]
[EventDate "2013.??.??"]
[EventType "tourn"]
[EventRounds "11"]

1. e4 c5 2. b3 Nc6 3. Bb2 a6 4. a4 e6 5. Nf3 Nf6 6. e5 Nd5 7. Nc3 Nxc3 8. Bxc3
Be7 9. Bc4 O-O 10. O-O d5 11. exd6 Qxd6 12. Qe2 Rd8 13. Rfe1 b6 14. Ne5 Ra7 15.
Qf3 Nxe5 16. Bxe5 Qd7 17. Qg3 Bf8 18. Bf6 Re8 19. d4 Kh8 20. Be5 f6 21. Bb8 Ra8
22. dxc5 Bxc5 23. Rad1 Qc6 24. Bd6 b5 25. axb5 axb5 26. Bf1 Bb6 27. Bd3 Bb7 28.
Re4 f5 29. Be5 Re7 30. Rb4 Ba6 31. Rh4 Kg8 32. Rh5 Bb7 33. Rg5 g6 34. Rxg6+
hxg6 35. Qxg6+ Kf8 36. Qh6+ Kf7 37. Qg7+ Ke8 38. Qg8+ Kd7 39. Bxb5+ 1-0

[Event "Ct. Catalunya eq DH"]
[Site "?"]
[Date "2013.01.19"]
[Round "1.5"]
[White "Baños, OF."]
[Black "Gual Pascual, A."]
[Result "0-1"]
[WhiteElo "2314"]
[BlackElo "2480"]
[PlyCount "57"]
[EventDate "2013.??.??"]
[EventType "tourn"]
[EventRounds "11"]

1. d4 d6 2. c4 g6 3. e4 Bg7 4. Be3 Nf6 5. f3 O-O 6. Nc3 Nbd7 7. Qd2 c5 8. d5 a6
9. Nh3 Ne5 10. Nf2 e6 11. a4 Qa5 12. Ncd1 Qxd2+ 13. Kxd2 exd5 14. exd5 Ne8 15.
f4 Ng4 16. Nxg4 Bxg4 17. Nc3 Nf6 18. Bd3 Rfe8 19. h3 Bf5 20. Rae1 Ne4+ 21. Bxe4
Bxc3+ 22. Kxc3 Bxe4 23. Rhg1 f5 24. b4 b6 25. a5 cxb4+ 26. Kxb4 bxa5+ 27. Kc3
Rab8 28. Ra1 Bxd5 29. Kd3 0-1

[Event "Ct. Catalunya eq DH"]
[Site "?"]
[Date "2013.01.19"]
[Round "1.5"]
[White "Garcia Paolicchi, R."]
[Black "Maroto Borras, JL."]
[Result "1/2-1/2"]
[WhiteElo "2271"]
[BlackElo "2226"]
[PlyCount "35"]
[EventDate "2013.??.??"]
[EventType "tourn"]
[EventRounds "11"]

1. d4 e6 2. c4 b6 3. Nf3 Nf6 4. e3 Bb7 5. Bd3 Be7 6. O-O O-O 7. b3 c5 8. Bb2 d5
9. Nbd2 Nbd7 10. Qe2 Rc8 11. Rac1 Rc7 12. cxd5 Nxd5 13. Bb1 cxd4 14. Nxd4 N7f6
15. Rxc7 (15. Nc4 $14) 15... Qxc7 16. Rc1 Qd7 17. N2f3 Rc8 18. Rxc8+ 1/2-1/2